Voice and data communications handbook

Сохранить в:
Библиографические подробности
Главный автор: Bates, Regis J. (Bud)
Формат:
Язык:Undetermined
Опубликовано: New York McGraw- Hill 2001
Предметы:
Метки: Добавить метку
Нет меток, Требуется 1-ая метка записи!
Thư viện lưu trữ: Trung tâm Học liệu Trường Đại học Cần Thơ
LEADER 00541nam a2200193Ia 4500
001 CTU_74653
008 210402s9999 xx 000 0 und d
020 |b 849000 
082 |a 621.3828 
082 |b B329 
100 |a Bates, Regis J. (Bud) 
245 0 |a Voice and data communications handbook 
245 0 |c Regis J. (Bud) Bates 
260 |a New York 
260 |b McGraw- Hill 
260 |c 2001 
650 |a Acoustical engineering,Telecommunication 
904 |i Tuyến 
980 |a Trung tâm Học liệu Trường Đại học Cần Thơ